00319nam a2200121Ia 4500008004100000041000800041082001700049100002100066245004700087260002700134300001900161999001700180241015s9999 xx 000 0 und d aeng a394.2068 FER aNicole Ferdinand aEvent Management An International Approach bSageaLOS ANGELEc2022 a358;. P. 24 cm c41640d41640